Fr. Conceicao Rodrigues College of Engineering

Theory & problems of applied physics (Record no. 19353)

MARC details
000 -LEADER
fixed length control field 00295nam a2200133Ia 4500
100 ## - MAIN ENTRY--PERSONAL NAME
Personal name Beiser/Arthur
245 ## - TITLE STATEMENT
Title Theory & problems of applied physics
260 ## - PUBLICATION, DISTRIBUTION, ETC.
Name of publisher, distributor, etc. Mc Graw Hill Int
Place of publication, distribution, etc. Singapore
Date of publication, distribution, etc. 1986
300 ## - PHYSICAL DESCRIPTION
Extent 273
546 ## - LANGUAGE NOTE
Language note ENGLISH
654 ## - SUBJECT ADDED ENTRY--FACETED TOPICAL TERMS
Focus term physics
942 ## - ADDED ENTRY ELEMENTS (KOHA)
Koha item type BOOK
Holdings
Withdrawn status Lost status Damaged status Not for loan Collection Home library Current library Date acquired Source of acquisition Cost, normal purchase price Inventory number Total Checkouts Full call number Barcode Date last seen Cost, replacement price Price effective from Koha item type
        CRC Fr. Agnel's C.Rodrigues College of Engineering Fr. Agnel's C.Rodrigues College of Engineering 17/03/2023 Progressive Books 190.00 2050 dt 12.08.92   3758 17/03/2023 190.00 12/08/1992 BOOK
        CRC Fr. Agnel's C.Rodrigues College of Engineering Fr. Agnel's C.Rodrigues College of Engineering 17/03/2023 Progressive Books 190.00 2050 dt 12.08.92   3759 17/03/2023 190.00 12/08/1992 BOOK